[Event "Wch U12 Girls"]
[White "Graf, Clara Victoria"]
[Black "Arda, Cagil Irmak"]
[Site "Maribor"]
[Round "9.23"]
[Result "1-0"]
[Date "2012.11.16"]
[WhiteElo "1759"]
[BlackElo "1637"]
[PlyCount "113"]
[EventDate "2012.11.08"]
[EventType "swiss"]
[EventRounds "11"]
[EventCountry "SLO"]
[SourceTitle "EXT 2013"]
[Source "ChessBase"]
[SourceDate "2012.11.22"]
[SourceVersion "1"]
[SourceVersionDate "2012.11.22"]
[SourceQuality "1"]

1. e4 d6 2. d4 Nf6 3. Nc3 g6 4. h3 Bg7 5. Nf3 c6 6. a4 Nbd7 7. a5 0-0 8. Be3 e5 9. dxe5 dxe5 10. Qd6 Ne8 11. Qa3 Qc7 12. Rd1 Nef6 13. Bc4 b5 14. axb6 Nxb6 15. Bxb6 Qxb6 16. 0-0 Qc7 17. Rd3 Nh5 18. Rfd1 Nf4 19. Rd6 Be6 20. Qc5 Rfc8 21. Ba6 Rd8 22. Rxc6 Rxd1+ 23. Nxd1 Qd8 24. Nc3 Bd7 25. Rd6 Bf8 26. Qxe5 Bxd6 27. Qxd6 Ne6 28. Nd5 Kg7 29. c4 Bc8 30. Qxd8 Nxd8 31. Bxc8 Rxc8 32. Nd2 Ne6 33. b4 Nc7 34. f3 Nxd5 35. exd5 Kf6 36. Kf2 Ke5 37. Ke3 g5 38. g3 a6 39. Kd3 f5 40. Nb3 Rb8 41. Na5 Rg8 42. Nc6+ Kd6 43. Kd4 g4 44. c5+ Kc7 45. fxg4 fxg4 46. h4 h5 47. Ne5 Kd8 48. d6 Rf8 49. Kd5 Rf6 50. c6 Kc8 51. c7 Kb7 52. Nd7 Rf1 53. Nc5+ Kc8 54. Kc6 Rf6 55. Na4 Rxd6+ 56. Kxd6 Kb7 57. Kd7 1-0

[Event "GER-chT Lands U20"]
[White "Schneider, Jana"]
[Black "Graf, Clara Victoria"]
[Site "Hannover"]
[Round "3.8"]
[Result "0-1"]
[Date "2012.09.30"]
[WhiteElo "1615"]
[BlackElo "1792"]
[PlyCount "96"]
[EventDate "2012.09.29"]
[EventType "team-swiss"]
[EventRounds "7"]
[EventCountry "GER"]
[SourceTitle "CBM 150 Extra"]
[Source "ChessBase"]
[SourceDate "2012.10.19"]
[SourceVersion "1"]
[SourceVersionDate "2012.10.19"]
[SourceQuality "1"]
[WhiteTeam "Bayern"]
[BlackTeam "Hessen"]
[WhiteTeamCountry "GER"]
[BlackTeamCountry "GER"]

1. e4 c5 2. Nc3 Nc6 3. g3 g6 4. Bg2 Bg7 5. Nge2 Nf6 6. d3 0-0 7. Be3 d6 8. h3 Rb8 9. Qd2 b5 10. Bh6 b4 11. Nd1 a5 12. h4 Ne5 13. Bxg7 Kxg7 14. h5 Nxh5 15. Nf4 Nxf4 16. gxf4 Ng4 17. f5 h5 18. Bf3 Nf6 19. Bxh5 Rh8 20. Bf3 Rxh1+ 21. Bxh1 Qh8 22. Bf3 Qh3 23. Be2 gxf5 24. exf5 Qxf5 25. f3 Bb7 26. Qe3 e6 27. Nf2 Kf8 28. 0-0-0 Ke7 29. Ne4 a4 30. Nxf6 Qxf6 31. d4 Qf5 32. dxc5 Qxc5 33. Qd3 Bd5 34. Kb1 Rc8 35. Rc1 b3 36. a3 bxc2+ 37. Rxc2 Qg1+ 38. Bd1 Rxc2 39. Qxc2 Bb3 40. Qc7+ Kf6 41. Qd8+ Kg7 42. Qxd6 Qxd1+ 43. Qxd1 Bxd1 44. f4 Kf6 45. Kc1 Bb3 46. Kd2 Kf5 47. Ke3 e5 48. fxe5 Kxe5 0-1

[Event "GER-ch Net final U25 Girls"]
[White "Graf, Clara Victoria"]
[Black "Jermann, Isabel"]
[Site "Playchess.com INT"]
[Round "5"]
[Result "0-1"]
[Date "2012.09.15"]
[WhiteElo "1562"]
[BlackElo "1436"]
[PlyCount "114"]
[EventDate "2012.09.15"]
[EventType "swiss (blitz)"]
[EventRounds "7"]
[EventCountry "GER"]
[SourceTitle "CBM 150 Extra"]
[Source "ChessBase"]
[SourceDate "2012.10.19"]
[SourceVersion "1"]
[SourceVersionDate "2012.10.19"]
[SourceQuality "1"]

1. e4 c5 2. Nf3 e6 3. d4 cxd4 4. Nxd4 Bc5 5. Nb3 Bb6 6. Nc3 Ne7 7. Bd3 0-0 8. 0-0 f5 9. e5 Nbc6 10. Qe2 Ng6 11. a4 Ncxe5 12. a5 Nxd3 13. axb6 Nxc1 14. Rfxc1 a6 15. Qe3 d5 16. Rd1 Bd7 17. Nc5 Qe7 18. Nxb7 Rfc8 19. Na5 f4 20. Qd4 Rab8 21. b7 Rc5 22. Qb4 Kf7 23. Qb6 Ne5 24. Qa7 Qf8 25. Qxa6 Nc4 26. Nxc4 Rxc4 27. Rd2 Rc7 28. Nb5 Rcxb7 29. Nd6+ Kf6 30. Nxb7 Qb4 31. c3 Qxb7 32. Qxb7 Rxb7 33. Ra6 Ke7 34. b4 Kd8 35. Rd4 g5 36. h3 Kc7 37. Ra8 Kd6 38. Rh8 e5 39. Rd2 Be6 40. Rd8+ Kc7 41. Rh8 Kb6 42. Ra8 Kb5 43. Re8 Bf7 44. Rxe5 h6 45. Ree2 Kc4 46. Rc2 Bg6 47. Rc1 Bd3 48. Rd2 Be4 49. g3 fxg3 50. fxg3 Rf7 51. Rd4+ Kb5 52. c4+ Ka6 53. cxd5 Bf5 54. d6 Bxh3 55. d7 Rxd7 56. Rc2 Rxd4 57. Ra2+ Kb5 0-1

[Event "GER-ch Net final U25 Girls"]
[White "Osmanodja, Filiz"]
[Black "Graf, Clara Victoria"]
[Site "Playchess.com INT"]
[Round "2"]
[Result "1-0"]
[Date "2012.09.15"]
[WhiteElo "1993"]
[BlackElo "1588"]
[PlyCount "129"]
[EventDate "2012.09.15"]
[EventType "swiss (blitz)"]
[EventRounds "7"]
[EventCountry "GER"]
[SourceTitle "CBM 150 Extra"]
[Source "ChessBase"]
[SourceDate "2012.10.19"]
[SourceVersion "1"]
[SourceVersionDate "2012.10.19"]
[SourceQuality "1"]

1. e4 c6 2. d4 d5 3. Nc3 dxe4 4. Nxe4 Bf5 5. Ng3 Bg6 6. h4 h6 7. Nf3 Nd7 8. h5 Bh7 9. Bd3 Bxd3 10. Qxd3 Ngf6 11. Bd2 e6 12. 0-0-0 Be7 13. Ne4 Nxe4 14. Qxe4 Nf6 15. Qd3 0-0 16. g4 c5 17. g5 hxg5 18. Bxg5 cxd4 19. Rdg1 Kh8 20. Ne5 Nd5 21. Ng6+ Kg8 22. Bxe7 Nxe7 23. Nxf8 Qxf8 24. h6 g6 25. h7+ Kh8 26. Qxd4+ Qg7 27. Qxg7+ Kxg7 28. Rd1 Nd5 29. c4 Nf6 30. h8Q+ Rxh8 31. Rxh8 Kxh8 32. Rd8+ Kg7 33. Rb8 b6 34. Rb7 Ne4 35. f3 Nd6 36. Rxa7 Nxc4 37. Rb7 g5 38. b3 Ne5 39. Rxb6 Nxf3 40. Kd1 g4 41. Ke2 Nd4+ 42. Kf2 Nf5 43. a4 g3+ 44. Kg2 Kg6 45. a5 Kg5 46. a6 Kg4 47. a7 Ne3+ 48. Kg1 f5 49. a8Q f4 50. Qg8+ Kf3 51. Rxe6 Nd1 52. Re1 Nf2 53. Qd5+ Kg4 54. Kg2 Nh3 55. Qf3+ Kh4 56. Re8 Nf2 57. Rh8+ Kg5 58. Rh5+ Kg6 59. Ra5 Ng4 60. Qxg4+ Kf6 61. Qg5+ Ke6 62. Qg6+ Ke7 63. Ra7+ Kf8 64. Qf6+ Kg8 65. Qd8# 1-0

[Event "GER-ch Net qual4 U14"]
[White "Graf, Clara Victoria"]
[Black "Grigorian, Spartak"]
[Site "Playchess.com INT"]
[Round "7"]
[Result "0-1"]
[Date "2012.09.12"]
[WhiteElo "1590"]
[BlackElo "1988"]
[PlyCount "44"]
[EventDate "2012.09.12"]
[EventType "swiss (blitz)"]
[EventRounds "7"]
[EventCountry "GER"]
[SourceTitle "CBM 150 Extra"]
[Source "ChessBase"]
[SourceDate "2012.10.19"]
[SourceVersion "1"]
[SourceVersionDate "2012.10.19"]
[SourceQuality "1"]

1. e4 c5 2. Nf3 d6 3. d4 cxd4 4. Nxd4 Nf6 5. Nc3 Nc6 6. Bc4 e6 7. 0-0 Be7 8. Be3 a6 9. a4 0-0 10. Qe2 Bd7 11. Rad1 Rc8 12. Bd3 Nxd4 13. Bxd4 Qc7 14. f4 e5 15. Be3 Bg4 16. Qd2 Bxd1 17. Rxd1 Rfd8 18. f5 d5 19. exd5 Ng4 20. Bg5 Qb6+ 21. Kf1 Bxg5 22. Qxg5 Qf2# 0-1

[Event "GER-ch Net qual2 U14"]
[White "Graf, Clara Victoria"]
[Black "Kartsev, Nikolaj"]
[Site "Playchess.com INT"]
[Round "5"]
[Result "1-0"]
[Date "2012.09.05"]
[WhiteElo "1443"]
[BlackElo "2124"]
[PlyCount "67"]
[EventDate "2012.09.05"]
[EventType "swiss (blitz)"]
[EventRounds "7"]
[EventCountry "GER"]
[SourceTitle "CBM 150 Extra"]
[Source "ChessBase"]
[SourceDate "2012.10.19"]
[SourceVersion "1"]
[SourceVersionDate "2012.10.19"]
[SourceQuality "1"]

1. e4 c5 2. Nf3 d6 3. d4 cxd4 4. Nxd4 Nf6 5. Nc3 a6 6. a4 e5 7. Nb3 Be7 8. Be2 Be6 9. 0-0 Nbd7 10. Be3 0-0 11. a5 Ne8 12. Nd5 Bxd5 13. exd5 f5 14. f4 g6 15. Kh1 Bf6 16. fxe5 Bxe5 17. c3 Qh4 18. Bg1 g5 19. Nd4 Ng7 20. Qe1 Qh6 21. Bd3 g4 22. Nxf5 Nxf5 23. Bxf5 g3 24. Bxd7 gxh2 25. Be6+ Kh8 26. Bd4 Bxd4 27. cxd4 Rxf1+ 28. Qxf1 Rf8 29. Qe2 Rf6 30. Rf1 Rxf1+ 31. Qxf1 Qg7 32. Qf7 Qg3 33. Qf8+ Qg8 34. Qxg8# 1-0

[Event "GER-ch Net qual2 U14"]
[White "Schirra, Maurice"]
[Black "Graf, Clara Victoria"]
[Site "Playchess.com INT"]
[Round "2"]
[Result "0-1"]
[Date "2012.09.05"]
[WhiteElo "1627"]
[BlackElo "1443"]
[PlyCount "90"]
[EventDate "2012.09.05"]
[EventType "swiss (blitz)"]
[EventRounds "7"]
[EventCountry "GER"]
[SourceTitle "CBM 150 Extra"]
[Source "ChessBase"]
[SourceDate "2012.10.19"]
[SourceVersion "1"]
[SourceVersionDate "2012.10.19"]
[SourceQuality "1"]

1. e4 c6 2. d4 d5 3. e5 Bf5 4. Nc3 e6 5. g4 Bg6 6. h4 h6 7. Nge2 c5 8. Be3 Nd7 9. Nf4 Bh7 10. Bb5 cxd4 11. Bxd4 a6 12. Bxd7+ Qxd7 13. Qd2 Ne7 14. h5 Nc6 15. 0-0-0 Bb4 16. Kb1 b5 17. Qe3 Rc8 18. Nfe2 Na5 19. a3 Nc4 20. Qf3 Bxc3 21. Nxc3 a5 22. Rhg1 b4 23. axb4 axb4 24. Na2 Be4 25. Qb3 0-0 26. g5 hxg5 27. Rxg5 Na5 28. Qg3 Bxc2+ 29. Kc1 Nb3+ 30. Qxb3 Bxb3+ 31. Kd2 Rc2+ 32. Ke3 Bxa2 33. Rdg1 Qa4 34. Rxg7+ Kh8 35. R7g3 Qb3+ 36. Kf4 Qc4 37. h6 Qxd4+ 38. Kg5 Qxe5+ 39. Kh4 Rc4+ 40. Kh3 Qh5+ 41. Kg2 Rg4 42. Kf1 Bc4+ 43. Ke1 Qe5+ 44. Kd2 Qxb2+ 45. Ke3 Qc3# 0-1

[Event "SUI-chB"]
[White "Nuri, Kambez"]
[Black "Graf, Clara Victoria"]
[Site "Flims"]
[Round "3"]
[Result "1-0"]
[Date "2012.07.14"]
[WhiteElo "2270"]
[BlackElo "1740"]
[PlyCount "97"]
[EventDate "2012.07.12"]
[EventType "swiss"]
[EventRounds "9"]
[EventCountry "SUI"]
[SourceTitle "CBM 149 Extra"]
[Source "ChessBase"]
[SourceDate "2012.08.24"]
[SourceVersion "1"]
[SourceVersionDate "2012.08.24"]
[SourceQuality "1"]

1. e4 c5 2. Nf3 Nc6 3. d4 cxd4 4. Nxd4 g6 5. c4 Nf6 6. Nc3 Nxd4 7. Qxd4 d6 8. Be2 Bg7 9. Be3 0-0 10. Qd2 a5 11. 0-0 a4 12. Rad1 Qa5 13. Bd4 Be6 14. Qe3 Ng4 15. Bxg4 Bxg4 16. Bxg7 Kxg7 17. Rd5 Qc7 18. Qd4+ Kg8 19. e5 Be6 20. exd6 exd6 21. b3 axb3 22. axb3 Rfd8 23. Nb5 Qe7 24. Rxd6 Rxd6 25. Nxd6 Rd8 26. Rd1 Rd7 27. b4 h5 28. c5 h4 29. Ra1 Rd8 30. h3 Qg5 31. Qe3 Qxe3 32. fxe3 Rb8 33. Ra7 b6 34. Rb7 Rxb7 35. Nxb7 bxc5 36. Nxc5 Bc4 37. Kf2 Kf8 38. Nd7+ Ke7 39. Ne5 Bb5 40. Nf3 Kd6 41. Nxh4 Kd5 42. Nf3 Be8 43. Nd4 Kc4 44. b5 Bxb5 45. Nxb5 Kxb5 46. Kf3 Kc5 47. Kf4 f6 48. h4 Kd5 49. g4 1-0

[Event "GER-ch U12"]
[White "Graf, Clara Victoria"]
[Black "Balazs, Balint"]
[Site "Oberhof"]
[Round "9"]
[Result "1-0"]
[Date "2012.06.01"]
[WhiteElo "1817"]
[BlackElo "1745"]
[PlyCount "119"]
[EventDate "2012.05.27"]
[EventType "swiss"]
[EventRounds "11"]
[EventCountry "GER"]
[SourceTitle "CBM 148 Extra"]
[Source "ChessBase"]
[SourceDate "2012.06.22"]
[SourceVersion "1"]
[SourceVersionDate "2012.06.22"]
[SourceQuality "1"]

1. e4 e6 2. d4 d5 3. Nc3 Bb4 4. Bd3 dxe4 5. Bxe4 Nf6 6. Bf3 Nc6 7. Nge2 0-0 8. 0-0 Bd7 9. a3 Ba5 10. Na4 Bb6 11. Nxb6 axb6 12. b3 Na5 13. Bb2 Bc6 14. Ng3 Qd6 15. Qe2 Bxf3 16. Qxf3 Nc6 17. Ne4 Nxe4 18. Qxe4 Rfd8 19. Rfd1 Ne7 20. Qe5 Qxe5 21. dxe5 Kf8 22. f3 Nc6 23. Kf2 Ke7 24. Ke3 Ra5 25. Rxd8 Kxd8 26. Rd1+ Ke7 27. Ke4 f5+ 28. Kf4 Rc5 29. Rd2 h6 30. h4 g6 31. g4 fxg4 32. fxg4 Ra5 33. Ke4 Ra8 34. a4 Na5 35. Ba3+ c5 36. Rd6 Nc6 37. Bc1 Rh8 38. Be3 Rh7 39. a5 bxa5 40. Bxc5 Nd8 41. Ra6+ Ke8 42. Rxa5 Rc7 43. Be3 Rxc2 44. Bxh6 Nc6 45. Rb5 Re2+ 46. Be3 Ne7 47. Kf3 Rh2 48. Rxb7 Nd5 49. Bg5 Rh3+ 50. Kg2 Rc3 51. Rb8+ Kf7 52. Rb7+ Ke8 53. h5 gxh5 54. gxh5 Kf8 55. h6 Kg8 56. h7+ Kh8 57. Bf6+ Nxf6 58. exf6 Rc8 59. Rg7 e5 60. Rg8+ 1-0

[Event "GER-ch U12"]
[White "Pallas, Sebastian"]
[Black "Graf, Clara Victoria"]
[Site "Oberhof"]
[Round "10"]
[Result "1/2-1/2"]
[Date "2012.06.01"]
[WhiteElo "1798"]
[BlackElo "1817"]
[PlyCount "102"]
[EventDate "2012.05.27"]
[EventType "swiss"]
[EventRounds "11"]
[EventCountry "GER"]
[SourceTitle "CBM 148 Extra"]
[Source "ChessBase"]
[SourceDate "2012.06.22"]
[SourceVersion "1"]
[SourceVersionDate "2012.06.22"]
[SourceQuality "1"]

1. e4 c5 2. Nf3 a6 3. c3 d5 4. exd5 Qxd5 5. d4 e6 6. Nbd2 Nf6 7. Bd3 Nc6 8. Bc4 Qd6 9. dxc5 Qxc5 10. Qe2 b5 11. Bd3 Be7 12. 0-0 0-0 13. Ne4 Nxe4 14. Bxe4 Bb7 15. Be3 Qd6 16. Rad1 Qc7 17. Nd4 Bf6 18. Nb3 Ne5 19. Bxb7 Qxb7 20. Nc5 Qc6 21. f4 Nc4 22. Nd7 Be7 23. Kh1 Nxe3 24. Qxe3 Rfd8 25. Ne5 Qc5 26. Qf3 Bd6 27. Nc6 Rdc8 28. Nd4 Qc4 29. Nb3 Qc7 30. h3 Qc6 31. Qg4 Rd8 32. f5 e5 33. Nd2 f6 34. Ne4 Be7 35. Rde1 Qc4 36. b3 Qf7 37. Rd1 Qe8 38. h4 Rxd1 39. Rxd1 Rd8 40. Kg1 Rxd1+ 41. Qxd1 Qd8 42. Qxd8+ Bxd8 43. Kf1 g6 44. g4 Kf7 45. c4 bxc4 46. bxc4 Ke7 47. Ke2 a5 48. Kd3 Kd7 49. c5 Kc6 50. Kc4 Be7 51. fxg6 hxg6 1/2-1/2

[Event "GER-ch U12"]
[White "Reuker, Jari"]
[Black "Graf, Clara Victoria"]
[Site "Oberhof"]
[Round "4"]
[Result "0-1"]
[Date "2012.05.28"]
[WhiteElo "1664"]
[BlackElo "1817"]
[PlyCount "42"]
[EventDate "2012.05.27"]
[EventType "swiss"]
[EventRounds "11"]
[EventCountry "GER"]
[SourceTitle "CBM 148 Extra"]
[Source "ChessBase"]
[SourceDate "2012.06.22"]
[SourceVersion "1"]
[SourceVersionDate "2012.06.22"]
[SourceQuality "1"]

1. e4 c5 2. Nf3 Nc6 3. d4 cxd4 4. Nxd4 g6 5. c4 Nf6 6. Nc3 Nxd4 7. Qxd4 d6 8. Be3 Bg7 9. Be2 0-0 10. Qd2 a5 11. 0-0 a4 12. f3 Qa5 13. Rab1 Be6 14. Nd5 Bxd5 15. Qxa5 Rxa5 16. cxd5 Nd7 17. Rfc1 Nc5 18. b4 axb3 19. axb3 Ra3 20. Bxc5 dxc5 21. Rxc5 Bd4+ 0-1

[Event "EU-ch U12 Girls"]
[White "Tishova, Svetlana"]
[Black "Graf, Clara Victoria"]
[Site "Albena"]
[Round "3"]
[Result "1/2-1/2"]
[Date "2011.09.13"]
[WhiteElo "1567"]
[BlackElo "1701"]
[PlyCount "81"]
[EventDate "2011.09.11"]
[EventType "swiss"]
[EventRounds "9"]
[EventCountry "BUL"]
[SourceTitle "CBM 144 Extra"]
[Source "ChessBase"]
[SourceDate "2011.10.28"]
[SourceVersion "1"]
[SourceVersionDate "2011.10.28"]
[SourceQuality "1"]

1. e4 c5 2. Nf3 Nc6 3. d4 cxd4 4. Nxd4 g6 5. c4 Bg7 6. Be3 Nf6 7. Nc3 0-0 8. Be2 d6 9. Qd2 Ng4 10. Bxg4 Bxg4 11. f3 Nxd4 12. Bxd4 Be6 13. Nd5 Bxd5 14. cxd5 a6 15. Ke2 Rc8 16. Rac1 Qd7 17. Bxg7 Kxg7 18. Rc3 Qb5+ 19. Ke3 f6 20. Rhc1 Rc5 21. a3 a5 22. Qe2 Qb6 23. Rxc5 dxc5 24. Rc4 Rc8 25. Qc2 Qa7 26. Qa4 Qa6 27. Qc2 Qb5 28. b4 b6 29. a4 Qa6 30. bxc5 bxc5 31. Rxc5 Qb6 32. Kd4 Rxc5 33. Qxc5 Qb2+ 34. Kc4 Qe2+ 35. Kc3 Kf7 36. Qc6 Qxg2 37. Qe6+ Kf8 38. Qc8+ Kf7 39. Qe6+ Kf8 40. Qc8+ Kf7 41. Qe6+ 1/2-1/2

[Event "GER-ch U12"]
[White "Graf, Clara Victoria"]
[Black "Koehn, Lennart"]
[Site "Oberhof"]
[Round "7"]
[Result "1-0"]
[Date "2011.06.15"]
[WhiteElo "1710"]
[BlackElo "1554"]
[PlyCount "45"]
[EventDate "2011.06.11"]
[EventType "swiss"]
[EventRounds "11"]
[EventCountry "GER"]
[SourceTitle "CBM 142 Extra"]
[Source "ChessBase"]
[SourceDate "2011.06.27"]
[SourceVersion "1"]
[SourceVersionDate "2011.06.27"]
[SourceQuality "1"]

1. e4 c5 2. Nf3 Nc6 3. Bb5 d6 4. Bxc6+ bxc6 5. 0-0 g6 6. Re1 Bg7 7. c3 d5 8. exd5 cxd5 9. d4 cxd4 10. Nxd4 e6 11. Nd2 Ne7 12. N2f3 0-0 13. Bf4 Qb6 14. Qd2 Re8 15. Bh6 Bh8 16. Nb3 Nf5 17. Bf4 Bb7 18. Nbd4 Nxd4 19. cxd4 Rac8 20. b3 Bxd4 21. Qxd4 Qxd4 22. Nxd4 Kg7 23. Nb5 1-0

[Event "GER-ch Net qual2 U14"]
[White "Graf, Clara Victoria"]
[Black "Huchebrink, Chris"]
[Site "Playchess.com INT"]
[Round "1"]
[Result "0-1"]
[Date "2011.05.04"]
[WhiteElo "1488"]
[BlackElo "1841"]
[PlyCount "130"]
[EventDate "2011.05.04"]
[EventType "swiss (blitz)"]
[EventRounds "7"]
[EventCountry "GER"]
[SourceTitle "CBM 142 Extra"]
[Source "ChessBase"]
[SourceDate "2011.06.27"]
[SourceVersion "1"]
[SourceVersionDate "2011.06.27"]
[SourceQuality "1"]

1. e4 c5 2. Nc3 Nc6 3. g3 e5 4. Bg2 Nf6 5. d3 Be7 6. h3 0-0 7. Be3 Nd4 8. Nge2 b6 9. Qd2 Bb7 10. 0-0-0 d5 11. exd5 Nxd5 12. Nxd5 Bxd5 13. Bxd5 Qxd5 14. Nc3 Qd7 15. Ne4 f5 16. Nc3 b5 17. f4 b4 18. Nb1 exf4 19. Bxf4 Bf6 20. g4 fxg4 21. hxg4 Qxg4 22. Qf2 Bg5 23. Nd2 Qxf4 24. Qg2 Qe5 25. Rhe1 Bxd2+ 26. Qxd2 Qd5 27. Kb1 Rad8 28. Rf1 Rxf1 29. Rxf1 Rf8 30. Rxf8+ Kxf8 31. Qf4+ Qf5 32. Qd6+ Kf7 33. Qc7+ Kg6 34. Qd6+ Ne6 35. Qg3+ Kf7 36. Qg1 g5 37. Qe1 g4 38. Qg1 Qf3 39. Kc1 g3 40. Kd2 Qf2+ 41. Qxf2+ gxf2 42. Ke2 Nd4+ 43. Kxf2 Nxc2 44. Ke2 Ke6 45. Kd2 Nd4 46. Ke3 Kd5 47. b3 a5 48. Kf4 Nb5 49. Ke3 Nc3 50. Kf4 Nxa2 51. Ke3 Nc1 52. Kd2 Nxb3+ 53. Kc2 a4 54. Kb2 Nd4 55. Kc1 h5 56. Kd2 h4 57. Ke3 h3 58. Kf2 h2 59. Kg2 Nf3 60. Kh1 a3 61. Kg2 a2 62. Kh1 a1Q+ 63. Kg2 h1Q+ 64. Kg3 Qe5+ 65. Kf2 Qee1# 0-1

[Event "GER-chT DLM U20"]
[White "Liez, Franziska"]
[Black "Graf, Clara Victoria"]
[Site "Stuttgart"]
[Round "5.8"]
[Result "1/2-1/2"]
[Date "2010.11.19"]
[WhiteElo "1506"]
[BlackElo "1513"]
[PlyCount "56"]
[EventDate "2010.11.17"]
[EventType "team-tourn"]
[EventRounds "7"]
[EventCountry "GER"]
[SourceTitle "EXT 2022"]
[Source "ChessBase"]
[SourceDate "2021.10.06"]
[SourceVersion "1"]
[SourceVersionDate "2021.10.06"]
[SourceQuality "1"]
[WhiteTeam "Hessen U20 II"]
[BlackTeam "Hessen U20"]
[WhiteTeamCountry "GER"]
[BlackTeamCountry "GER"]

1. e4 c5 2. Nf3 Nc6 3. d4 cxd4 4. Nxd4 g6 5. Nc3 Bg7 6. Be3 Nf6 7. Bc4 Qa5 8. 0-0 0-0 9. f4 d6 10. h3 Qd8 11. Qd2 a5 12. Rae1 Qc7 13. Nf3 Nb4 14. Bb3 Bd7 15. a3 Na6 16. Qf2 Nc5 17. Bxc5 dxc5 18. e5 Nh5 19. Nd5 Qd8 20. Qxc5 e6 21. Nb6 Ra6 22. Nxd7 Qxd7 23. Rd1 Qc8 24. Qd4 Ng3 25. Rf2 Nf5 26. Qd7 Qxd7 27. Rxd7 Rb8 28. Ng5 Nh6 1/2-1/2